[Event "IBCA EU-chT blind 2nd"]
[Site "Calimanesti"]
[Date "2019.10.13"]
[Round "9.3"]
[White "Vojan, Istvan"]
[Black "Ursic, Aleksander"]
[Result "1-0"]
[WhiteElo "1828"]
[BlackElo "1892"]
[PlyCount "37"]
[EventDate "2019.10.05"]
[EventType "team-swiss"]
[EventRounds "9"]
[EventCountry "ROU"]
[SourceTitle "CBM 192 Extra"]
[Source "Chessbase"]
[SourceDate "2019.11.06"]
[SourceVersion "1"]
[SourceVersionDate "2019.11.06"]
[SourceQuality "1"]
[WhiteTeam "Hungary"]
[BlackTeam "Slovenia"]
[WhiteTeamCountry "HUN"]
[BlackTeamCountry "SLO"]

1. Nf3 d5 2. e3 Bf5 3. d4 e6 4. c4 c6 5. Nc3 Nd7 6. Be2 Bd6 7. 0-0 h6 8. b3 Rb8 9. Bb2 a6 10. Rc1 Bg6 11. Nd2 f5 12. f4 Ngf6 13. Nf3 Bh5 14. Ne5 Bxe2 15. Qxe2 g5 16. Rc2 Rg8 17. Kh1 Qe7 18. cxd5 cxd5 19. e4 1-0

[Event "IBCA Wch blind 14th"]
[Site "Cagliari"]
[Date "2019.04.06"]
[Round "1"]
[White "Ursic, Aleksander"]
[Black "Nikac, Predrag"]
[Result "0-1"]
[WhiteElo "1912"]
[BlackElo "2297"]
[PlyCount "56"]
[EventDate "2019.04.06"]
[EventType "swiss"]
[EventRounds "9"]
[EventCountry "ITA"]
[SourceTitle "CBM 189 Extra"]
[Source "ChessBase"]
[SourceDate "2019.06.03"]
[SourceVersion "1"]
[SourceVersionDate "2019.06.03"]
[SourceQuality "1"]

1. d4 g6 2. c4 Bg7 3. Nc3 f5 4. Nf3 Nf6 5. Bg5 c5 6. d5 Ne4 7. Bd2 d6 8. Qc2 Nxd2 9. Qxd2 Nd7 10. g3 Qa5 11. e3 0-0 12. Be2 Nf6 13. h4 a6 14. Rc1 Rb8 15. Ng5 b5 16. b3 b4 17. Na4 h6 18. Nh3 Ne4 19. Qc2 Bd7 20. 0-0 Qd8 21. Nb2 Qe8 22. Bf3 g5 23. hxg5 hxg5 24. Kh2 Rf6 25. Bxe4 fxe4 26. Rh1 Rh6 27. Kg2 Qh5 28. Qxe4 Bxh3+ 0-1

[Event "IPCA Wch 14th"]
[Site "Apatin"]
[Date "2014.09.19"]
[Round "5"]
[White "Kozhabekov, Adilkhan"]
[Black "Ursic, Aleksander"]
[Result "1-0"]
[WhiteElo "2103"]
[BlackElo "1939"]
[PlyCount "91"]
[EventDate "2014.09.16"]
[EventType "swiss"]
[EventRounds "9"]
[EventCountry "SRB"]
[SourceTitle "CBM 162 Extra"]
[Source "ChessBase"]
[SourceDate "2014.10.17"]
[SourceVersion "1"]
[SourceVersionDate "2014.10.17"]
[SourceQuality "1"]

1. Nf3 d5 2. d4 Bf5 3. g3 e6 4. Bg2 Nf6 5. 0-0 Bd6 6. c4 c6 7. Nc3 Nbd7 8. Nd2 Bc7 9. Qb3 Rb8 10. Rd1 0-0 11. e4 dxe4 12. Ndxe4 h6 13. Nxf6+ Qxf6 14. Be3 h5 15. d5 exd5 16. cxd5 Bb6 17. Bxb6 Nxb6 18. a4 Rfe8 19. Qb4 cxd5 20. a5 Nd7 21. Nxd5 Qd8 22. Qf4 Be6 23. Nc7 Re7 24. Nxe6 fxe6 25. Qd4 Qf8 26. Qxa7 Ne5 27. Qc5 Ng4 28. h3 Rc8 29. Qd4 Nf6 30. Rac1 Rce8 31. Qd6 Qf7 32. Re1 Rf8 33. Rc2 Ne8 34. Qb6 Nf6 35. Rce2 Rfe8 36. b4 Kf8 37. b5 h4 38. a6 hxg3 39. fxg3 bxa6 40. bxa6 Kg8 41. Ra1 Nd5 42. Bxd5 exd5 43. Rxe7 Rxe7 44. a7 Qf3 45. a8Q+ Kh7 46. Qf2 1-0

[Event "SLO-chT2 West"]
[Site "Slovenia"]
[Date "2010.11.12"]
[Round "6"]
[White "Ursic, Mateja"]
[Black "Ursic, Aleksander"]
[Result "1-0"]
[WhiteElo "2091"]
[BlackElo "2039"]
[PlyCount "51"]
[EventDate "2010.11.05"]
[EventType "team-tourn"]
[EventRounds "9"]
[EventCountry "SLO"]
[SourceTitle "EXT 2022"]
[Source "ChessBase"]
[SourceDate "2021.10.06"]
[SourceVersion "1"]
[SourceVersionDate "2021.10.06"]
[SourceQuality "1"]

1. d4 Nf6 2. c4 d6 3. Nc3 Nbd7 4. e4 e5 5. d5 Be7 6. Nf3 c6 7. Be2 a6 8. 0-0 cxd5 9. cxd5 b5 10. a3 Nb6 11. Ne1 0-0 12. Be3 Nfd7 13. b3 Bg5 14. Qd2 Bxe3 15. Qxe3 Nc5 16. Rb1 f5 17. f3 f4 18. Qf2 Rf6 19. Nd3 Nxd3 20. Bxd3 Rg6 21. Rfc1 Bd7 22. Na2 a5 23. Nc3 Rb8 24. Nxb5 Bxb5 25. Bxb5 Nxd5 26. Bc4 1-0

[Event "SLO-chT2 West"]
[Site "Postojna"]
[Date "2009.11.07"]
[Round "8.4"]
[White "Ursic, Aleksander"]
[Black "Hajna, Tadej"]
[Result "1-0"]
[WhiteElo "2012"]
[BlackElo "1955"]
[PlyCount "37"]
[EventDate "2009.10.23"]
[EventType "team-tourn"]
[EventRounds "9"]
[EventCountry "SLO"]
[SourceTitle "EXT 2010"]
[Source "ChessBase"]
[SourceDate "2010.11.25"]
[SourceVersion "1"]
[SourceVersionDate "2010.11.25"]
[SourceQuality "1"]
[WhiteTeam "Sezana"]
[BlackTeam "Postojna"]
[WhiteTeamCountry "SLO"]
[BlackTeamCountry "SLO"]

1. d4 e6 2. Nf3 Nf6 3. Bg5 d5 4. e3 Nbd7 5. Bd3 Bd6 6. 0-0 c6 7. c3 Qc7 8. Nbd2 h6 9. Bh4 g5 10. Bg3 g4 11. Nh4 Rg8 12. c4 Nh5 13. Rc1 f5 14. cxd5 exd5 15. Nxf5 Bxg3 16. fxg3 Ndf6 17. e4 Bxf5 18. Rxf5 0-0-0 19. e5 1-0

[Event "SLO-chT2 West"]
[Site "Kranj"]
[Date "2008.10.18"]
[Round "6.4"]
[White "Ursic, Aleksander"]
[Black "Pregarac, Valter"]
[Result "1/2-1/2"]
[WhiteElo "1990"]
[BlackElo "2097"]
[PlyCount "103"]
[EventDate "2008.10.11"]
[EventType "team-swiss"]
[EventRounds "9"]
[EventCountry "SLO"]
[SourceTitle "EXT 2010"]
[Source "ChessBase"]
[SourceDate "2010.11.25"]
[SourceVersion "1"]
[SourceVersionDate "2010.11.25"]
[SourceQuality "1"]
[WhiteTeam "Sezana"]
[BlackTeam "Piran"]
[WhiteTeamCountry "SLO"]
[BlackTeamCountry "SLO"]

1. Nf3 e6 2. d4 c5 3. c3 Nf6 4. g3 b6 5. Bg2 Bb7 6. 0-0 Be7 7. Re1 0-0 8. Nbd2 d6 9. e4 cxd4 10. Nxd4 Qc7 11. N2b3 a6 12. f3 Nbd7 13. Be3 d5 14. Bf4 Bd6 15. Bxd6 Qxd6 16. Qe2 dxe4 17. fxe4 Ne5 18. Rad1 Qc7 19. Nc1 b5 20. Nd3 Nfd7 21. Nf4 Nf6 22. Nd3 Nfg4 23. Nxe5 Nxe5 24. Nf3 Qc5+ 25. Qe3 Qxe3+ 26. Rxe3 Nc4 27. Re2 Rfd8 28. Rd4 Kf8 29. b3 Nd6 30. Red2 Ke7 31. e5 Nf5 32. R4d3 Rxd3 33. Rxd3 Be4 34. Rd1 Rc8 35. Rc1 Rc5 36. b4 Rc7 37. Kf2 f6 38. g4 Nh6 39. exf6+ gxf6 40. h3 Nf7 41. Ke3 Bd5 42. a3 Nd6 43. Ne1 Nc4+ 44. Kd3 Kd6 45. Bxd5 Kxd5 46. Nf3 e5 47. Nd2 Nd6 48. Rf1 e4+ 49. Nxe4 Nxe4 50. Rf5+ Ke6 51. Kxe4 Rxc3 52. Rf3 1/2-1/2

[Event "SLO-chT2 West"]
[Site "Kranj"]
[Date "2008.10.17"]
[Round "5.4"]
[White "Kerma, Simon"]
[Black "Ursic, Aleksander"]
[Result "1-0"]
[WhiteElo "2165"]
[BlackElo "1990"]
[PlyCount "91"]
[EventDate "2008.10.11"]
[EventType "team-swiss"]
[EventRounds "9"]
[EventCountry "SLO"]
[SourceTitle "EXT 2010"]
[Source "ChessBase"]
[SourceDate "2010.11.25"]
[SourceVersion "1"]
[SourceVersionDate "2010.11.25"]
[SourceQuality "1"]
[WhiteTeam "Koper"]
[BlackTeam "Sezana"]
[WhiteTeamCountry "SLO"]
[BlackTeamCountry "SLO"]

1. d4 Nf6 2. Nf3 e6 3. Bg5 Be7 4. Nbd2 b6 5. e3 h6 6. Bf4 Bb7 7. Bd3 d5 8. c3 0-0 9. Ne5 Nbd7 10. Qa4 Nxe5 11. dxe5 Nd7 12. Qd1 f6 13. Qg4 Nc5 14. Bc2 f5 15. Qg6 Qe8 16. Qxe8 Raxe8 17. b4 Nd7 18. h4 g5 19. hxg5 hxg5 20. Bh2 Kg7 21. f4 Rh8 22. Kf2 Rh7 23. Bg3 Reh8 24. Rxh7+ Rxh7 25. Nf3 g4 26. Nd4 Kf7 27. Nxf5 exf5 28. Bxf5 Nf8 29. Bxh7 Nxh7 30. Rh1 Kg8 31. Bh4 Bf8 32. f5 Bc6 33. Bd8 Ba4 34. Kg3 c5 35. a3 Bg7 36. f6 Bh8 37. f7+ Kf8 38. Rxh7 Bxe5+ 39. Kxg4 Bd1+ 40. Kf5 Bxc3 41. Bf6 Bc2+ 42. Ke6 Bxf6 43. Rh5 Bg7 44. Rg5 cxb4 45. axb4 d4 46. Rxg7 1-0